La política europea de empleo y los planes nacionales de empleo (Registro nro. 35349)
[ vista simple ]
| 000 -CABECERA | |
|---|---|
| Longitud fija campo de control | 00959naa a2200265 c 4500 |
| 001 - NÚMERO DE CONTROL | |
| Número de control | 35349 |
| 003 - IDENTIFICADOR DE NÚMERO DE CONTROL | |
| Identificador del número de control | ES-MaCES |
| 005 - FECHA Y HORA DE LA ÚLTIMA TRANSACCIÓN | |
| Fecha y hora de la última transacción | 20150724120102.0 |
| 008 - CAMPO FIJO DE DESCRIPCIÓN FIJA--INFORMACIÓN GENERAL | |
| Códigos de información de longitud fija | 050927n2005 sp t 000 | spa d |
| 035 ## - NÚMERO DE CONTROL DEL SISTEMA | |
| Número de control del sistema | CES20050008367v |
| 040 ## - FUENTE DE CATALOGACIÓN | |
| Centro catalogador de origen | ES-MaCES |
| Lengua de catalogación | spa |
| Centro transcriptor | ES-MaCES |
| 100 1# - ENCABEZAMIENTO PRINCIPAL--NOMBRE PERSONAL | |
| Nombre de persona | Cairós Barreto, Dulce María |
| 9 (RLIN) | 8673 |
| 245 13 - MENCIÓN DE TÍTULO | |
| Título | La política europea de empleo y los planes nacionales de empleo |
| Resto del título | : el Plan de Empleo del reino de España 2004-2005 |
| Mención de responsabilidad, etc. | Dulce Mª Cairós Barreto |
| 650 #4 - ASIENTO SECUNDARIO DE MATERIA--TÉRMINO DE MATERIA | |
| Término de materia o nombre geográfico como elemento inicial | 2004-2005 |
| 9 (RLIN) | 31718 |
| 650 #4 - ASIENTO SECUNDARIO DE MATERIA--TÉRMINO DE MATERIA | |
| Término de materia o nombre geográfico como elemento inicial | España |
| 9 (RLIN) | 26964 |
| 650 #4 - ASIENTO SECUNDARIO DE MATERIA--TÉRMINO DE MATERIA | |
| Término de materia o nombre geográfico como elemento inicial | Europa |
| 9 (RLIN) | 26940 |
| 650 #4 - ASIENTO SECUNDARIO DE MATERIA--TÉRMINO DE MATERIA | |
| Término de materia o nombre geográfico como elemento inicial | empleo |
| 9 (RLIN) | 28299 |
| 650 #4 - ASIENTO SECUNDARIO DE MATERIA--TÉRMINO DE MATERIA | |
| Término de materia o nombre geográfico como elemento inicial | política comunitaria |
| 9 (RLIN) | 30776 |
| 653 10 - TÉRMINO DE INDEXACIÓN--NO CONTROLADO | |
| Término no controlado | Relaciones laborales-Empleo |
| 650 #4 - ASIENTO SECUNDARIO DE MATERIA--TÉRMINO DE MATERIA | |
| 9 (RLIN) | 28300 |
| Término de materia o nombre geográfico como elemento inicial | política de empleo |
| 773 0# - ENTRADA DE DOCUMENTO FUENTE | |
| Título | Tribuna social |
| Parte(s) relacionada(s) | n. 176-177 (ag.- sept. 2005){10448 R. 062123}; p. 32- 44 |
| Número de control del registro relacionado | (ES-MaCES)25455 |
| Itemnumber del ítem fuente | 59530 |
| 902 ## - CES. TIPO DE DOCUMENTO | |
| Tipodoc (006$c Sirtex) | ART Artículo de revista |
| 942 ## - ELEMENTOS KOHA | |
| Fuente de clasificaión o esquema | Clasificación propia del CES |
| Koha [por defecto] tipo de item | Artículos (1982-2017) |
| Parte de clasificación | 2.0. |
No hay ítems disponibles.
